Diane E. DAVIS et Anthony W. PEREIRA (dir.), Irregular Armed Forces and their Role in Politics and State Formation, Cambridge, Cambridge University Press, 2003, 419 p. (notice n° 1603549)

détails MARC
000 -LEADER
fixed length control field 01919cam a2200169 4500500
005 - DATE AND TIME OF LATEST TRANSACTION
control field 20251228092702.0
041 ## - LANGUAGE CODE
Language code of text/sound track or separate title fre
042 ## - AUTHENTICATION CODE
Authentication code dc
100 10 - MAIN ENTRY--PERSONAL NAME
Personal name Schwarz, Rolf
Relator term author
245 00 - TITLE STATEMENT
Title Diane E. DAVIS et Anthony W. PEREIRA (dir.), Irregular Armed Forces and their Role in Politics and State Formation, Cambridge, Cambridge University Press, 2003, 419 p.
260 ## - PUBLICATION, DISTRIBUTION, ETC.
Date of publication, distribution, etc. 2005.<br/>
500 ## - GENERAL NOTE
General note 98
520 ## - SUMMARY, ETC.
Summary, etc. L’adieu au gladiateur ? La mondialisation suscite de nombreux débats, mêlant les spécialistes des différentes disciplines, interrogeant son exceptionnalité, hésitant sur ses critères et sa définition. On essaie ici d’examiner son rapport à l’histoire, sa relation complexe aux jeux de domination et d’exclusion. On s’efforce surtout de concevoir une nouvelle grammaire des relations internationales : au-delà de la métaphore hobbesienne qui compare celles-ci à un combat de gladiateurs, la mondialisation nous introduit à de nouveaux acteurs, à de nouveaux principes de régulation, à une autre conception de la violence et de la sécurité.
520 ## - SUMMARY, ETC.
Summary, etc. L’adieu au gladiateur ? Globalization gives rise to much debate among specialists of several disciplines, questioning its exceptionalism, and hesitating over its criteria and definitions. We strive here to examine its link with history, and its complex relationship to the interplay between domination and exclusion. Most of all, we try to conceive a new framework of international relations : beyond the Hobbes metaphor which compares the new international relations with a gladiator’s struggle, globalization institutes new actors, new ways of regulation, and a new vision of violence and security.
786 0# - DATA SOURCE ENTRY
Note Relations internationales | 124 | 4 | 2005-12-01 | p. 113d-125d | 0335-2013
856 41 - ELECTRONIC LOCATION AND ACCESS
Uniform Resource Identifier <a href="https://shs.cairn.info/revue-relations-internationales-2005-4-page-113d?lang=fr&redirect-ssocas=7080">https://shs.cairn.info/revue-relations-internationales-2005-4-page-113d?lang=fr&redirect-ssocas=7080</a>

Pas d'exemplaire disponible.

PLUDOC

PLUDOC est la plateforme unique et centralisée de gestion des bibliothèques physiques et numériques de Guinée administré par le CEDUST. Elle est la plus grande base de données de ressources documentaires pour les Étudiants, Enseignants chercheurs et Chercheurs de Guinée.

Adresse

627 919 101/664 919 101

25 boulevard du commerce
Kaloum, Conakry, Guinée

Réseaux sociaux

Powered by Netsen Group @ 2025